NBA and NFL Player quiz - Statistics

General Stats
  • This quiz has been taken 84 times
  • The average score is 9 of 15
Answer Stats
Hint Answer % Correct
king james Lebron james
100%
Most NBA rings (player) Bill russell
89%
Leads the NBA in Career points Kareem Abdul-jabbar
87%
Retired running back For the lions Barry Sanders
86%
Has the most triple doubles in one NBA season Russell westbrook
79%
A catch that is done with one hand has been named after this NFL player Odell Beckham Jr
73%
Came from baseball to football and played for the raiders (retired) Bo Jackson
70%
Father of Peyton Manning Archie Manning
69%
This NBA player got traded on draft day by the hornets and became a star Kobe Bryant
65%
the Browns QB that was a bust and is now playing in Canada Johnny Manziel
61%
Did you enjoy this quiz (leave in the comments if you put no so i can make it better) yes / no
61%
Short but has won the most dunk contest Nate robinson
49%
Came from the ABA league to the NBA(i might've spelled the first name wrong so just put the last name) Julius Erving
37%
(HARD) This player in the NBA flinches a lot at free throws Al Horford
15%
This NFL player has his nickname after a building Ben rothlisburger
1%
No matching quizzes found
Score Distribution
Percent of People with Each Score
Percentile by Number Answered
Your Score History
You have not taken this quiz